Poznámky k požití kortikoidů v terapii revmatoidní artritidy

Bibliographic Details
Main Author: Trnavský, Karel, 1930-2017 (Author)
Format: Article
Language:Slovak
Czech
Subjects:

MARC

LEADER 00000nab a2200000 a 4500
001 vtls000725122
003 SK-MaSNL
005 20260305000919.0
008 250429c1999 xo 0 slo
015 |a SNBRB2000/06-15716 
035 |a CLN000077286 
035 |a urn:nbn:sk:snk-ab6tcr 
035 |a (uuid)dfecfcc0-9dc1-40cd-a620-a2fbbe8f9dde 
035 |a (urnnbn)urn:nbn:sk:snk:ar-a05qxa 
035 |a (sysno)vtls000725122 
040 |a SNKBUCL  |b slo  |c SNKBUCL  |e AACR2 
041 0 |a cze 
044 |a xo  |c SK 
080 |a 616.72-002.77-085  |2 1997 
080 |a 615.276  |2 1997 
080 |a 615.35  |2 1997 
100 1 |a Trnavský, Karel,  |d 1930-2017  |4 aut  |9 261516 
245 1 0 |a Poznámky k požití kortikoidů v terapii revmatoidní artritidy  |c K. Trnavský 
504 |a Res. angl., čes. 
504 |a Bibliogr. odkazy 
650 0 7 |a reumatoidná artritída  |2 snkbucl  |9 28588 
650 0 7 |a kortikosteroidy  |2 snkbucl  |9 14346 
655 7 |a články z novín a časopisov  |2 snkbucl  |9 267496 
773 0 |t Rheumatologia  |g Roč. 13, č. 4 (1999), s. 177-180 
850 |a Slovenská národná knižnica 
852 |a Slovenská národná knižnica 
958 |a article27 
958 |a NB 
958 |a MI 
958 |a OND 
958 |a EUIPO 
992 |a RBX 
999 |c 3216113  |d 3218043